00842nam a22001577a 4500008004100000020001700041050001300058100002800071245006200099250001200161260004200173300003200215500003400247505038900281700001400670140401b xxu||||| |||| 00| 0 eng d a100324788924 aQA76.P21 aParsons, June Jamrich.  aComputer concepts: introductory. /cJune Jamrich Parsons  a7th ed. aAustralia:bCourse Technology,c2010. axxiv, 344 p.:bill.;c27cm. aIncludes index and glossary.  aContents: Computers and internet basics -- Computer hardware -- Computer software -- Digital electronics and file management -- Networks and the internet -- Data security -- The web and e-commerce -- Digital media -- The computer industry and careers -- Guide worksheets -- Buyers's guide worksheets -- Visual tour of windows vista and Microsoft office 2007 -- Trends in technology. aOja, Dan